000 00778nas a2200265 4500
001 BR2016002317
003 BR-BrBNA
005 20231205130358.0
007 ta
008 230509b bl.|||p| |||| 00| 00por d
040 _aBR-BrBNA
_bpor
_cBiblioteca Nacional de Agricultura
041 _a(Pt)
072 _aU10; K10
100 1 _aNicoletti, M.F.
100 1 _aNavroski, M.C.
100 1 _aNovack Junior, N.S.
245 1 _aModelagem de variáveis morfológicas em mudas de Eucalyptus dunnii
650 _aEUCALIPTO
650 _aMUDA
650 _aQUALIDADE
650 _aMODELO MATEMÁTICO
773 0 _tFloresta (Brazil)
_xISSN 0015-3826
_g(Oct-Dec 2015), v. 45(4) p. 809-818
_wBR2016002317
909 _a202311
_bLúcia
_c55
_dLúcia Elande
942 _2AGRIS
_n0
_cANA
999 _c249134
_d249134